00620nam a2200193 a 450000100060000000300090000600800410001504000280005608200180008410000330010224500660013526000510020130000100025250000870026259000200034965000280036994200120039799900170040911266CO-ViMGA141112s2004 ck r 000 u spa d aCO-ViMGAbspacCO-ViMGA04aCo861.6 Ch17a1 aCharry, Morales Ariel91570810aAmor y Blasfemia : bVida y muerte, orden y desorden poeticos aSantafé de Bogotá : bTercer mundo, c1992 a217p. aEn : Amor y blasfemia : Vida y muerte, Orden y Desorden Poeticos; FrCo 861.6 Ch17a aEjemplares : 1014aPOESIA COLOMBIANA91069 2ddccBK c22473d22473